000 00350nam a2200133Ia 4500
008 100328s9999 xx 000 0 und d
082 _b32287
100 _aमोहोड बाबा
245 _aपायवाट
260 _bमहाराष्ट्र
630 _aपायवाट
730 _aपायवाट
942 _cBOOK
999 _c523085
_d523082